| 000 | 00516naa a2200145Ia 4500 | ||
|---|---|---|---|
| 003 | ES-SlBCS | ||
| 005 | 20210601152646.0 | ||
| 008 | 140519s1972 xxu||||| |||| 00| 0 eng d | ||
| 041 | _aeng | ||
| 100 | 1 |
_aCrombie, A. C. _937234 |
|
| 245 | 0 | 0 |
_aEarly Concepts of the Senses and the Mind _cA. C. Crombie |
| 650 | 4 |
_aPercepción _991554 |
|
| 773 | 0 |
_tPerception : Mechanisms and Models / - Scientific American, Whitman Richards, Richard Held _dSan Francisco : Freeman and Co., 1972 _g, págs. 8-16 _wVA44862 |
|
| 942 | _cAC | ||
| 999 |
_c778848 _d778848 |
||